MESTSKÁ KNIŽNICA GIRALTOVCE  - online katalóg 

O proletárskom internacionalizme (Record no. 15490)

000 -NÁVESTIE
fixed length control field 00635nam a2200205 a 4500
008 - ÚDAJE S PEVNOU DĹŽKOU – VŠEOBECNÉ INFORMÁCIE
fixed length control field 961031s1975 m yxo 0 slo c
040 ## - ZDROJ KATALOGIZÁCIE
Pôvodná katalogizujúca agentúra SNK
Jazyk katalogizácie slo
Prepisujúca agentúra SNK
Konvencie popisu AACR2
041 1# - KÓD JAZYKA
Kód jazyka textu/zvukovej stopy alebo samostatných nápisov slo
044 ## - KÓD KRAJINY VYDAVATEĽA/PRODUCENTA
Kód krajiny MARC xo
Kód krajiny ISO SK
020 ## - MEDZINÁRODNÉ ŠTANDARDNÉ ČÍSLO KNIHY (ISBN)
Údaje o dostupnosti 18
100 1# - OSOBNÉ MENÁ – VŠEOBECNÉ INFORMÁCIE
Osobné meno Marx, Karl
Kód roly aut
245 10 - NÁZOV
Názov O proletárskom internacionalizme
Údaj o zodpovednosti atď. Karl Marx, Friedrich Engels, Vladimir Iľjič Lenin ; zborník zost. N. U. Belousova
260 ## - VYDAVATEĽSKÉ ÚDAJE, DISTRIBÚCIA ATĎ.
Miesto publikovania, distribúcie atď. Bratislava
Názov vydavateľa, distibútora atď. Pravda
Dátum publikovania, distribúcie atď. 1975
300 ## - FYZICKÝ POPIS
Rozsah 677, [11] s.
Rozmery
490 0# - EDÍCIA
Edícia Knižnica marxizmu-leninizmu
700 1# - PRIDANÝ VSTUP – OSOBNÉ MENO
Osobné meno Engels, Friedrich
Kód roly aut
700 1# - PRIDANÝ VSTUP – OSOBNÉ MENO
Osobné meno Lenin, Vladimir Iľjič
Kód roly aut
700 1# - PRIDANÝ VSTUP – OSOBNÉ MENO
Osobné meno Belousova, N. U.
Kód roly com
958 ## - Formálny deskriptor
Formálny deskriptor A
Holdings
Stav stiahnutia (Blokovanie) (Withrawn status) Stav straty Stav poškodenia (Damaged status) Nie pre výpožičky (Not for loan) Spôsob nadobudnutia (Collection code) Trvalé umiestnenie Aktuálne umiestnenie Dátum nadobudnutia Náklady, bežná kúpna cena Inventárne číslo (prírastkové číslo) Full call number Dátum posledného výskytu Cena s účinnosťou od Typ jednotky Koha
Vyradený       Kúpa Mestská knižnica Giraltovce Mestská knižnica Giraltovce 2019-11-29 18.00 14514 K 067 2019-11-29 2019-11-29 Odborná literatúra pre dospelých

Powered by Koha